LEADER 00892nam0 22002891i 450 001 990001211070203316 005 20031021173302.0 010 $a0-313-30877-2 035 $a000121107 035 $aUSA01000121107 035 $a(ALEPH)000121107USA01 035 $a000121107 100 $a20031021-2001----km-y0itab50------ba 200 1 $aMaxine Hong Kingston$ea critical companion$fE.D. Huntley 210 $aWestport [etc.]$cGreenwood$dcopyr. 2001 215 $aXI, 204 p.$cill. 24 cm. 225 2 $aCritical companions to popular contemporary writers 676 $a813.54 700 1$aHUNTLEY,$bE.D$0556237 912 $a990001211070203316 951 $aAMB HUN$b5835 Dip. Studi lnguistici e letterari 959 $aBK 969 $aDSLL 979 $aPATRY$b90$c20031021$lUSA01$h1733 979 $aPATRY$b90$c20040406$lUSA01$h1727 996 $aMaxine Hong Kingston$9984350 997 $aUNISA LEADER 00921nam0-22003611i-450- 001 990003794630403321 005 20081017130245.0 010 $a88-15-06003-0 035 $a000379463 035 $aFED01000379463 035 $a(Aleph)000379463FED01 035 $a000379463 100 $a20030910d1997----km-y0itay50------ba 101 0 $aita 102 $aIT 105 $ay-------001yy 200 1 $a<>sette$fEnzo Pace 210 $aBologna$cil Mulino$dc1997 215 $a126 p., tab.$d19 cm 225 1 $aFarsi un'idea$v7 610 0 $aSette religiose$aAspetti sociali 676 $a291.9 676 $a306.691 9 700 1$aPace,$bEnzo$0110133 801 0$aIT$bUNINA$gRICA$2UNIMARC 901 $aBK 912 $a990003794630403321 952 $a306.6919 PAC 1$b6310$fBFS 952 $aCOLLEZ. 1741 (7)$b30945$fFSPBC 959 $aBFS 959 $aFSPBC 996 $aSette$9506735 997 $aUNINA LEADER 01360nam 2200409 450 001 9910793183503321 005 20210803114207.0 010 $a1-5275-1438-2 035 $a(CKB)4100000005599235 035 $a(MiAaPQ)EBC5477610 035 $a(PPN)250733315 035 $a(EXLCZ)994100000005599235 100 $a20180915d2018 uy 0 101 0 $aeng 135 $aurcnu|||||||| 181 $ctxt$2rdacontent 182 $cc$2rdamedia 183 $acr$2rdacarrier 200 10$aBiologists in the age of totalitarianism $epersonal reminiscences of ornithologists and other naturalists /$fby Eugeniusz Nowak ; translated from the German by Brian Hillcoat, Leela Sashidharan, and Mike Smart ; edited by Brian Hillcoat 210 1$aNewcastle upon Tyne, UK :$cCambridge Scholars Publishing,$d2018. 215 $a1 online resource (xiii, 358 pages) $cillustrations 311 $a1-5275-1099-9 606 $aBiologists$vBiography 615 0$aBiologists 676 $a570.922 700 $aNowak$b Eugeniusz$01519877 702 $aHillcoat$b Brian 702 $aSashidharan$b Leela 702 $aSmart$b Mike 702 $aHillcoat$b Brian 801 0$bMiAaPQ 801 1$bMiAaPQ 801 2$bMiAaPQ 906 $aBOOK 912 $a9910793183503321 996 $aBiologists in the age of totalitarianism$93758208 997 $aUNINA